000 00497 a2200157 4500
005 20250603145325.0
020 _a0-262-01201-4
082 _aTEA LECT 330.015 ADD
100 _aADDA, J.
245 _aDynamics Economics: Quantitative Methods and Applications
260 _aLondon,
_bThe MIT Press,
_c2003.
300 _axi, 279p.: figure, table.
_bBibliography, index.
_c24cm.
700 _aCOOPER, R.
856 _yAccess online book
_fDynamic Economics
_dhttp://mitpress.mit.edu
942 _2ddc
_cBKS
999 _c3112
_d3112